Structure and growth of India's IT exports: implications of an export-oriented growth strategy (Record no. 49785)

000 -LEADER
fixed length control field 01398pab a2200181 454500
008 - FIXED-LENGTH DATA ELEMENTS--GENERAL INFORMATION
fixed length control field 180718b2001 xxu||||| |||| 00| 0 eng d
100 ## - MAIN ENTRY--PERSONAL NAME
Personal name Joseph, K.J.
245 ## - TITLE STATEMENT
Title Structure and growth of India's IT exports: implications of an export-oriented growth strategy
260 ## - PUBLICATION, DISTRIBUTION, ETC.
Date of publication, distribution, etc. 2001
300 ## - PHYSICAL DESCRIPTION
Extent p.3263-270
362 ## - DATES OF PUBLICATION AND/OR SEQUENTIAL DESIGNATION
Dates of publication and/or sequential designation 25 Aug
520 ## - SUMMARY, ETC.
Summary, etc. The policy initiatives taken to develop the information technology sector in India have yielded rich dividends in terms of exports and established the country's credibility in international IT markets. However, the focus has mainly been to promote IT as a foreign exchange earner. This paper looks at India's performance in software exports, the implications of this boom on the availability of skilled manpower in other competing sectors, and the possible threats to the sustained growth of software exports. To combat some of the negative offshoots of the current export-centric IT scenario, the authors say a proper incentive structure needs to be looked at, and the suply of technically skilled personnel enhanced. Most important of all, the diffusion of IT into other areas of the economy should be accelerated to help in the sustained growth of the sector. - Reproduced
650 ## - SUBJECT ADDED ENTRY--TOPICAL TERM
Topical term or geographic name entry element Information technology - India
650 ## - SUBJECT ADDED ENTRY--TOPICAL TERM
Topical term or geographic name entry element Information technology
700 ## - ADDED ENTRY--PERSONAL NAME
Personal name Harilal, K.N.
773 ## - HOST ITEM ENTRY
Main entry heading Economic and Political Weekly
909 ## -
-- 49785
Holdings
Withdrawn status Lost status Damaged status Not for loan Permanent Location Current Location Date acquired Serial Enumeration / chronology Barcode Date last seen Price effective from Koha item type
        Indian Institute of Public Administration Indian Institute of Public Administration 2018-07-19 Volume no: 36, Issue no: 34 AR50213 2018-07-19 2018-07-19 Articles

Powered by Koha